| 000 | 00782nam a2200229 a 4500 | ||
|---|---|---|---|
| 001 | 67624 | ||
| 003 | BD-RjUL | ||
| 005 | 20211209081657.0 | ||
| 008 | 170328s1963 enka 000 0 eng | ||
| 035 | _a(BD-RjUL)67833 | ||
| 040 |
_aDLC/ICU _cICU _dDLC _dBD-RjUL _beng |
||
| 041 | 1 | _aengrus | |
| 082 | 0 | 0 |
_223 _a539.74 _bNEC 1963 |
| 100 | 1 |
_aNemirovskii, P. E. _9200504 |
|
| 245 | 1 | 0 |
_aContemporary models of the atomic nucleus / _cby P. E. Nemirovskii ; Translated from the Russian by S. and M. Nikolić. Translation edited by Bernard T. Feld. |
| 260 |
_aOxford ; _aNew York : _bPergamon Press, _cc1963. |
||
| 300 |
_a332 p. : _bill. ; _c23 cm. |
||
| 504 | _aIncludes bibliographies. | ||
| 650 | 0 |
_aNuclear models. _9200505 |
|
| 700 |
_aFeld, Bernard T. _9200506 |
||
| 942 |
_2ddc _cBK |
||
| 999 |
_c67624 _d67624 |
||